01474nab a22002297a 4500003000400000005001700004008004100021040000700062100002300069245009500092260007300187300001500260500002800275505033200303505028200635505008200917650001800999650001301017650002901030650003601059773014901095OSt20251219173052.0190429b xxu||||| |||| 00| 0 spa d cPJ aBonaven, Alejandra13aEl avenimiento : bla injerencia de la víctima en el proceso penal /cAlejandra Bonaven. cCiudad Autónoma de Buenos Aires :aThomson Reuters La Ley, b2025. ap. 120-126 aCita: AR/DOC/1350/2025. aSumario: I. Introducción.— II. Hechos y planteos de las cuestiones tratadas.— III. Breve explicación de la figura del avenimiento aplicable en el Cód. Proc. Penal de la Ciudad de Buenos Aires. Facultades del juez.— IV. Derecho de las víctimas en delitos que atentan contra su libertad sexual.— V. Conclusión.  aFallo comentado: CPenal, Penal Juvenil, Contravencional y de Faltas, Ciudad Autónoma de Buenos Aires, sala II ~ 21/02/2025 ~ F. M., E. A. s/ 131 - Contactar menor de edad por intermedio de tecnologías para cometer delitos de integridad sexual s/ incidente de apelación. tSi te interesa el texto completo, solicitalo a koha@justierradelfuego.gov.ar  0aDERECHO PENAL 0aGROOMING 0aDERECHOS DE LA VÍCTIMA 0aRÉGIMEN PENAL DE LA MINORIDAD0 02658tRevista de derecho penal y criminología. Nº 6 - Julio 2025dCiudad Autónoma de Buenos Aires : Thomson Reuters La Ley, 2017-x00347914